000 00657nam a2200265Ia 4500
005 20260121165037.0
008 008 260114s9999 xx 000 0 eng d
020 _a9781137537522
037 _aEBOOK
040 _aCRL
040 _beng
040 _cCRL
041 _2eng
041 _aeng
084 _qCRL
100 _aBerit Bliesemann de Guevara
_91046837
245 0 _aMyth and Narrative in International Politics
260 _bSpringer
260 _bSpringer
260 _c2016
856 _uhttps://link.springer.com/openurl?genre=book&isbn=978-1-137-53752-2
942 _cEBOOK
999 _c1612562
_d1612562